000 01278cam a2200373 a 4500
001 2416
003 FISKH
005 20240124095719.0
008 030331s2004 nyu c 000 1 eng
010 _a 2003006979
020 _a0060507241
020 _a006050725X (lib. bdg.)
020 _a9780439799553
040 _aDLC
_cDLC
_dDLC
_beng
042 _alcac
043 _aa-cc---
050 0 0 _aPZ7.W5718
_bCh 2004
082 0 0 _a[Fic]
_221
100 1 _aWhelan, Gloria.
245 1 0 _aChu Ju's house /
_cGloria Whelan.
250 _aFirst Scholastic printing, November 2005
260 _aNew York :
_bScholastic,
_c2004
300 _a227 pages ;
_c20 cm
505 _aW
520 _aIn order to save her baby sister, fourteen-year-old Chu Ju leaves her rural home in modern China and earns food and shelter by working on a sampan, tending silk worms, and planting rice seedlings, while wondering if she will ever see her family again.
521 8 _a870
_bLexile
521 8 _aW
_bRaz-Plus
650 1 _aRunaways
_vFiction.
650 1 _aSex role
_vFiction.
651 0 _aChina
_xHistory
_y1976-2002
_vJuvenile fiction.
651 1 _aChina
_xHistory
_y1976-2002
_vFiction.
906 _a7
_bcbc
_corignew
_d1
_eecip
_f20
_gy-gencatlg
942 _2ddc
_cBK
_n0
999 _c2416
_d2416